MARC

LEADER 00000nam0a2200000 4500
001 59034
005 20231101211800.0
035 |a (RuTPU)RU\TPU\book\62387 
090 |a 59034 
100 |a 20031216d1974 m y0rusy50 ca 
101 0 |a rus 
102 |a RU 
105 |a a j 000zy 
200 1 |a Источники питания сварочной дуги и электрошлакового процесса  |e учебное пособие  |f М. Б. Цукерман 
210 |a Москва  |c Высшая школа  |d 1974 
215 |a 237 с.  |c ил. 
320 |a Библиогр.: с. 235. 
606 1 |a Электродуговая сварка  |2 stltpush  |3 (RuTPU)RU\TPU\subj\66887  |9 82882 
606 1 |a Электросварка дуговая  |x Источники питания  |2 stltpush  |3 (RuTPU)RU\TPU\subj\20792  |9 45869 
610 1 |a электрошлаковая сварка 
610 1 |a электротехника 
610 1 |a сварочные трансформаторы 
610 1 |a сварочные генераторы 
610 1 |a сварочные выпрямители 
610 1 |a плазменные дуги 
610 1 |a техника безопасности 
610 1 |a электропитание 
610 1 |a учебные пособия 
675 |a 621.791.75(075.8)  |v 3 
675 |a 621.791.75.03(075.8)  |v 3 
700 1 |a Цукерман  |b М. Б.  |g Мирон Борисович 
801 1 |a RU  |b 63413507  |c 20031216  |g PSBO 
801 2 |a RU  |b 63413507  |c 20210211  |g PSBO 
942 |c BK